UBT Library

The World Book encyclopedia of science. (Record no. 41001)

000 -LEADER
fixed length control field 00561cam a2200229 a 4500
001 - CONTROL NUMBER
control field 4771838
005 - DATE AND TIME OF LATEST TRANSACTION
control field 20180126074333.0
008 - FIXED-LENGTH DATA ELEMENTS--GENERAL INFORMATION
fixed length control field 860521s1986 ilua e 001 0 eng
010 ## - LIBRARY OF CONGRESS CONTROL NUMBER
LC control number 86050622
020 ## - INTERNATIONAL STANDARD BOOK NUMBER
International Standard Book Number 071663192X (set)
040 ## - CATALOGING SOURCE
Original cataloging agency DLC
Transcribing agency DLC
Modifying agency DLC
041 ## - LANGUAGE CODE
Language code of text/sound track or separate title eng
042 ## - AUTHENTICATION CODE
Authentication code lcac
080 ## - UNIVERSAL DECIMAL CLASSIFICATION NUMBER
Universal Decimal Classification number 503.21
082 00 - DEWEY DECIMAL CLASSIFICATION NUMBER
Classification number 503.21 BIN
Edition number 19
100 ## - Rafti
Rafti 9
101 ## - Shkurtesa
Shkurtesa MJE
245 04 - TITLE STATEMENT
Title The World Book encyclopedia of science.
906 ## - LOCAL DATA ELEMENT F, LDF (RLIN)
a 7
b cbc
c orignew
d 2
e ocip
f 19
g y-gencatlg
942 ## - ADDED ENTRY ELEMENTS (KOHA)
Source of classification or shelving scheme
Item type Books
Holdings
Withdrawn status Lost status Source of classification or shelving scheme Damaged status Not for loan Collection code Permanent location Current location Shelving location Date acquired Total Checkouts Full call number Barcode Date last seen Price effective from Koha item type
          Koleksioni i përgjithshem UBT - Lipjan UBT - Lipjan Koleksioni i përgjithshem 01/26/2018   503.21 BIN 002-2996424 01/26/2018 01/26/2018 Books
UBT Library © 2015-2024. All rights reserved University Education for Business and Technology